| 000 | 004510000a22001810004500 | ||
|---|---|---|---|
| 003 | MACL | ||
| 005 | 20150910160102.0 | ||
| 008 | 150910b xxu||||| |||| 00| 0 eng d | ||
| 040 |
_aMACL _cMACL |
||
| 041 | _aEnglish | ||
| 082 | _a821/MEH | ||
| 100 |
_aMehrotra, Arvind Krishna _9235 |
||
| 245 | _aTwelve Modern Indian Poets | ||
| 260 |
_bOxford University Press _c1992 _aNew Delhi |
||
| 350 | _a100 | ||
| 650 |
_aPoetry _99987 |
||
| 942 |
_cBK _k821 _2ddc |
||
| 999 |
_c3930 _d3930 |
||